<?xml version="1.0" encoding="UTF-8"?><marc:collection xmlns:marc="http://www.loc.gov/MARC21/slim">
  <marc:record>
    <marc:leader>00000nam##2200000za#4500</marc:leader>
    <marc:controlfield tag="001">9.625016</marc:controlfield>
    <marc:controlfield tag="003">CaOODSP</marc:controlfield>
    <marc:controlfield tag="005">20200706134916</marc:controlfield>
    <marc:controlfield tag="007">ta</marc:controlfield>
    <marc:controlfield tag="008">150406|1999||||xxc|||||     f|0| 0 fre|d</marc:controlfield>
    <marc:datafield tag="020" ind1=" " ind2=" ">
      <marc:subfield code="a">0-660-96133-4</marc:subfield>
    </marc:datafield>
    <marc:datafield tag="022" ind1=" " ind2=" ">
      <marc:subfield code="a">1200-5231</marc:subfield>
    </marc:datafield>
    <marc:datafield tag="040" ind1=" " ind2=" ">
      <marc:subfield code="a">CaOODSP</marc:subfield>
      <marc:subfield code="b">fre</marc:subfield>
    </marc:datafield>
    <marc:datafield tag="043" ind1=" " ind2=" ">
      <marc:subfield code="a">n-cn---</marc:subfield>
    </marc:datafield>
    <marc:datafield tag="086" ind1="1" ind2=" ">
      <marc:subfield code="a">CS11-0019/133F</marc:subfield>
    </marc:datafield>
    <marc:datafield tag="245" ind1="0" ind2="0">
      <marc:subfield code="a">L'accroissement de l'emploi autonome en période de chômage élevé : </marc:subfield>
      <marc:subfield code="b">analyse empirique des faits récents survenus au Canada / </marc:subfield>
      <marc:subfield code="c">par Zhengxi Lin, Janice Yates et Garnett Picot. </marc:subfield>
    </marc:datafield>
    <marc:datafield tag="260" ind1=" " ind2=" ">
      <marc:subfield code="a">Ottawa - Ontario : </marc:subfield>
      <marc:subfield code="b">Statistique Canada. </marc:subfield>
      <marc:subfield code="c">1999.</marc:subfield>
    </marc:datafield>
    <marc:datafield tag="300" ind1=" " ind2=" ">
      <marc:subfield code="a">26p. : </marc:subfield>
      <marc:subfield code="b">graphiques, tableaux ; </marc:subfield>
      <marc:subfield code="c">28 cm.</marc:subfield>
    </marc:datafield>
    <marc:datafield tag="490" ind1="1" ind2=" ">
      <marc:subfield code="a">Documents de recherche</marc:subfield>
      <marc:subfield code="x">1200-5231</marc:subfield>
      <marc:subfield code="v">133</marc:subfield>
    </marc:datafield>
    <marc:datafield tag="500" ind1=" " ind2=" ">
      <marc:subfield code="a">«Les personnes sont-elles "repoussées" vers le secteur de l'emploi autonome parce qu'elles ne peuvent pas trouver de travail rémunéré ou sont-elles "attirées" d'elles-mêmes vers celui-ci parce qu'elles apprécient tous les avantages comparatifs associés au fait d'être son propre patron...? Ces emplois sont-ils stables en ce sens que, une fois entrées dans ce secteur, les personnes ont tendance à y rester durant une période temps relativement longue, ce qui suppose de faibles niveaux de rotation, en particulier de sorties, ou l'emploi autonome est-il simplement un emploi d'attente que les personnes utilisent jusqu'à ce qu'elles trouvent un emploi rémunéré, ce qui suppose des mouvements d'entrée et de sortie importants?... Le présent document tente de répondre à la première question... Quant aux questions entourant la deuxième interrogation sur la dynamique des entrées et des sorties, dans le secteur de l'emploi autonome, elles seront traitées au niveau individuel dans un document connexe.»--Page 1.</marc:subfield>
    </marc:datafield>
    <marc:datafield tag="504" ind1=" " ind2=" ">
      <marc:subfield code="a">Bibliographie.</marc:subfield>
    </marc:datafield>
    <marc:datafield tag="520" ind1="3" ind2=" ">
      <marc:subfield code="a">Les personnes sont-elles repoussées vers le secteur de l'emploi autonome parce qu'elles ne peuvent pas trouver de travail rémunéré ou sont-elles attirées d'elles-mêmes vers celui-ci parce qu'elles apprécient tous les avantages comparatifs associés au fait d'être son propre patron...? Ces emplois sont-ils stables en ce sens que, une fois entrées dans ce secteur, les personnes ont tendance à y rester durant une période temps relativement longue, ce qui suppose de faibles niveaux de rotation, en particulier de sorties, ou l'emploi autonome est-il simplement un emploi d'attente que les personnes utilisent jusqu'à ce qu'elles trouvent un emploi rémunéré, ce qui suppose des mouvements d'entrée et de sortie importants?... Le présent document tente de répondre à la première question... Quant aux questions entourant la deuxième interrogation sur la dynamique des entrées et des sorties, dans le secteur de l'emploi autonome, elles seront traitées au niveau individuel dans un document connexe.--Page 1</marc:subfield>
    </marc:datafield>
    <marc:datafield tag="563" ind1=" " ind2=" ">
      <marc:subfield code="a">Couverture souple</marc:subfield>
    </marc:datafield>
    <marc:datafield tag="590" ind1=" " ind2=" ">
      <marc:subfield code="a">99-23</marc:subfield>
      <marc:subfield code="b">1999-06-11</marc:subfield>
    </marc:datafield>
    <marc:datafield tag="710" ind1="2" ind2=" ">
      <marc:subfield code="a">Statistique Canada. </marc:subfield>
      <marc:subfield code="b">Direction des études analytiques.</marc:subfield>
    </marc:datafield>
    <marc:datafield tag="720" ind1="1" ind2=" ">
      <marc:subfield code="a">Lin, Zhengxi</marc:subfield>
    </marc:datafield>
    <marc:datafield tag="720" ind1="1" ind2=" ">
      <marc:subfield code="a">Sweetman, Arthur</marc:subfield>
    </marc:datafield>
    <marc:datafield tag="720" ind1="1" ind2=" ">
      <marc:subfield code="a">Yates, Janice</marc:subfield>
    </marc:datafield>
    <marc:datafield tag="775" ind1="0" ind2="8">
      <marc:subfield code="t">Rising self-employment in the midst of high unemployment : </marc:subfield>
      <marc:subfield code="w">(CaOODSP)9.614776</marc:subfield>
    </marc:datafield>
    <marc:datafield tag="776" ind1="0" ind2="#">
      <marc:subfield code="t">L'accroissement de l'emploi autonome en période de chômage élevé : </marc:subfield>
      <marc:subfield code="w">(CaOODSP)9.604385</marc:subfield>
    </marc:datafield>
    <marc:datafield tag="830" ind1="#" ind2="0">
      <marc:subfield code="a">Documents de recherche,</marc:subfield>
      <marc:subfield code="x">1200-5231</marc:subfield>
      <marc:subfield code="v">133</marc:subfield>
      <marc:subfield code="w">(CaOODSP)9.512877</marc:subfield>
    </marc:datafield>
  </marc:record>
</marc:collection>
